00645nam a2200193Ia 4500003000900000008004100009040001600050080002200066110002000088245009600108260002700204300002300231650003000254650001900284650002800303942000700331999001500338952009800353IN-BaIIA211028s9999 xx 000 0 eng d cIIA Library a621.391(035)bINT aIntersil914937 0aIntersil application handbookcIntersil Inc.  aU.S.A.bIntersilc1985 a[various pagings.] aIntegrated circuits93314 aNASA thesaurus aSignal processing93537 cBK c8879d8879 00104070aBANbBANcGENd1986-10-28l0o621.391(035)/ INTp9760r2021-11-05w1986-10-28yBK